Juan Gines de Sepúlveda y su crónica indiana: en el IV centenario de su muerte, 1573-1973

Sparad:
Bibliografiska uppgifter
Institutionell upphovsman: Seminario Americanista de la Universidad de Valladolid (Författare, medförfattare)
Materialtyp: Bok
Språk:spanska
Publicerad: Valladolid Universidad de Valladolid 1976
Ämnen:
Taggar: Lägg till en tagg
Inga taggar, Lägg till första taggen!

MARC

LEADER 00000nam a2200000 a 4500
001 UCO2828
003 CL-VaPUC
008 000608e19760000SP |||||||||||||||||spa|d
082 0 4 |a 923.9  |b SEM  |2 21 
110 2 |a Seminario Americanista de la Universidad de Valladolid  |e author  |9 446495 
245 1 0 |a Juan Gines de Sepúlveda y su crónica indiana: en el IV centenario de su muerte, 1573-1973 
300 |a 498 p 
942 |c BK 
945 |d 20000608 00:00:00  |a rherrera 
260 |a Valladolid  |b Universidad de Valladolid  |c 1976 
600 0 |a SEPULVEDA, JUAN GINES DE  |9 317959 
650 0 |a Biografías  |9 255210 
650 0 |a Historia de América  |9 266076 
650 7 |a CRONICAS  |2 CL-VaPUC  |9 336724 
650 0 |a Historiadores  |9 314498 
650 0 |a Descubrimiento y Conquista de América  |9 446281 
583 |a last modification  |c 20000608 00:00:00  |k Rodrigo Vera 
999 |c 289322  |d 289320 
952 |0 0  |1 0  |4 0  |6 923_900000000000000_SEM_1976  |7 0  |8 A  |9 337611  |a BIBHIS  |b BIBHIS  |d 2019-11-20  |i 1287931  |o 923.9 SEM 1976  |p 1287931  |r 2025-01-20  |w 2019-11-20  |y BK  |k HIS 
952 |0 0  |1 0  |4 0  |6 923_900000000000000_SEM_1976  |7 0  |8 A  |9 337612  |a BIBHIS  |b BIBHIS  |d 2019-11-20  |i 128794K  |o 923.9 SEM 1976  |p 128794K  |r 2025-01-20  |w 2019-11-20  |y BK  |k HIS